000 00656nam a2200181Ia 4500
999 _c39595
_d39595
003 GCL
005 20240530103447.0
008 140319s9999 xx 000 0 ara d
040 _aGCL /
_cGCL
082 0 4 _a189.3
_bا ا
100 1 _aشلحت ، فيكتور
245 1 0 _aالامام ابوحامد الغزالى القسطاس المستقيم /
_cفيكتور شلحت
260 _a[S.N] :
_bدار المشرق ،
_c1983
300 _a102 ص
650 0 4 _aالفلسفة الاسلامية
700 1 _aالغزالى : حجة الاسلام ابو حامد محمد بن محمد بن محمد بن احمد الطوسى
942 _2ddc
_cBK